000 00767cam a2200265 4500
002 ##3015
008 090401t1991 xxu||||| |||| 00| 0 eng d
020 _a0854064869
035 _a(Sirsi) u52599
041 0 _aeng
050 0 4 _a692.5 $2 18
090 _aRICS 1991/11ABCD
100 1 _aSkitmore, Martin
245 0 0 _aEarly stage construction price forecasting
_ba review of performance
260 _aLondon
_bRICS Books
_c1991
300 _a28p.
_c30cm.
350 _a6.95
490 0 _aRICS Occasional Paper
520 _aUnder review 1 August 2006.
651 4 _aUnited Kingdom
_y
690 _aQuantity surveying
_96263
710 2 _aRoyal Institution of Chartered Surveyors
_bQuantity Surveyors' Division
_91263
942 _n0
948 _c04/03/1997
999 _c93114
_d93114